000 00415nam a2200169Ia 4500
999 _c10363
_d10363
003 OSt
005 20220316131603.0
008 220308s9999 xx 000 0 und d
020 _a9780670844661
082 _a722.8
_bROB
100 _aRobert Adam
245 0 _aClassical Architecture/A complete handbook
260 _b Viking; New edition (29 October 1992)
365 _cUSD
365 _d74.95
942 _2ddc